[Event "Høstturneringen 2015"]
[Site "Ås, Akershus NOR"]
[Date "2015.11.05"]
[Round "8"]
[White "Bakken, Svein-Erik"]
[Black "Fuglseth, Jan"]
[Result "1-0"]
[WhiteElo "1346"]
[BlackElo "1479"]
[Annotator "Fuglseth, Jan"]
[PlyCount "51"]
[EventDate "2015.09.03"]

1. d4 Nf6 2. c4 d6 3. Nc3 Nbd7 4. Nf3 e5 5. Bg5 Be7 6. dxe5 dxe5 7. Qc2 c6 8.
e3 {Stillingen er helt lik. Sort spiller seg nå svakere for hvert trekk, mens
hvit spiller solid og korrekt.} h6 (8... Qa5 9. Bh4 Bb4) 9. Bh4 Qc7 10. Be2 Nc5
11. Bg3 Bd6 $6 12. b4 $1 Ncd7 13. c5 Be7 14. O-O O-O (14... Nh5) 15. h3 Re8 16.
Rfd1 Bf8 17. Nd2 $14 b6 18. cxb6 Nxb6 19. a3 g6 $2 {Ideen om å plassere
løperen på g7 var ikke bra. Bedre var} (19... a5 20. Bf3 Bd7 21. bxa5 Rxa5) 20.
Nde4 Bf5 $4 {Kjempetabbe!} (20... Nxe4 21. Nxe4 $18) 21. Nxf6+ Kg7 22. Nxe8+
Rxe8 23. e4 Be6 24. Nd5 Nxd5 25. exd5 Bf5 26. Qxc6 {Nok er nok. 1-0} 1-0

[Event "Høstturneringen 2015"]
[Site "Ås, Akershus NOR"]
[Date "2015.11.05"]
[Round "8"]
[White "Naasen, Nils"]
[Black "Sandvik, Sander"]
[Result "1/2-1/2"]
[WhiteElo "1314"]
[BlackElo "917"]
[PlyCount "87"]
[EventDate "2015.09.03"]

1. Nf3 Nf6 2. c4 c5 3. Nc3 Nc6 4. d4 cxd4 5. Nxd4 g6 6. b3 Bg7 7. Nxc6 bxc6 8.
Bb2 O-O 9. Qc2 d5 10. Rd1 Bf5 11. Qc1 Qa5 12. Rd2 d4 13. e4 Bh6 14. exf5 Bxd2+
15. Qxd2 dxc3 16. Bxc3 Qxf5 17. Bd3 Qe6+ 18. Qe2 Qxe2+ 19. Bxe2 Rfd8 20. O-O a5
21. Bf3 Ra6 22. Re1 Kf8 23. h3 a4 24. b4 Rd3 25. Re3 Rxe3 26. fxe3 Nd7 27. b5
cxb5 28. cxb5 Ra7 29. Bc6 Rc7 30. Bd4 Nb8 31. Be5 Rxc6 32. bxc6 Nxc6 33. Bc3 e6
34. Kf2 Ke8 35. Ke2 Kd7 36. Kd3 Kc7 37. Kc4 Kb6 38. e4 h5 39. e5 Na5+ 40. Kb4
a3 41. Bd4+ Ka6 42. Kxa3 Kb5 43. Kb2 Kc4 44. Bb6 1/2-1/2

[Event "Høstturneringen 2015"]
[Site "Ås, Akershus NOR"]
[Date "2015.11.05"]
[Round "8"]
[White "Olsen, Trygve"]
[Black "Garmark, Vegard"]
[Result "1-0"]
[WhiteElo "1296"]
[BlackElo "1226"]
[Annotator "Lea, Per"]
[PlyCount "75"]
[EventDate "2015.09.03"]

1. f4 Nf6 2. d4 c5 3. c3 cxd4 4. cxd4 e6 5. Nf3 d5 6. a3 Bd6 7. e3 Nbd7 8. Be2
Ne4 9. O-O Ndf6 10. Ne5 O-O 11. Ng4 Bd7 12. Nxf6+ Qxf6 13. Nd2 Nxd2 14. Bxd2
Rac8 15. Bc3 Rc7 16. Qd2 Qe7 17. Bd3 b5 18. Ba5 Rb7 19. Rac1 b4 20. Ba6 Bb5 21.
Bxb5 Rxb5 22. axb4 Rfb8 23. Qd3 Bxb4 24. Rc8+ Rxc8 25. Qxb5 Bxa5 26. Qxa5 g6
27. b4 Kf8 28. b5 Qc7 29. Qa3+ Ke8 30. h3 Qc3 31. Qxa7 Qxe3+ 32. Kh2 Qd3 33.
Qb7 Kd8 34. Qb6+ Kd7 35. Rf3 $2 (35. Ra1 {og hvits angrep slår gjennom}) 35...
Qe2 $4 (35... Qd2 {hindrer hvit i å få tarnet med i angrepet fordi f-bonden er
ugardert.} 36. Qa7+ Rc7 37. Qb8 Rc2 38. Rg3 Qxd4 39. b6 {med lik stilling}) 36.
Ra3 Qc4 37. Ra6 Qc7 38. Ra7 1-0

[Event "Høstturneringen 2015"]
[Site "Ås, Akershus NOR"]
[Date "2015.11.05"]
[Round "8"]
[White "Heien, Aksel"]
[Black "Alnes, Tord"]
[Result "0-1"]
[WhiteElo "924"]
[BlackElo "1059"]
[PlyCount "124"]
[EventDate "2015.09.03"]

1. e4 d6 2. d4 g6 3. Nc3 Bg7 4. f4 Nf6 5. Nf3 O-O 6. Bd3 c6 7. O-O Nbd7 8. Bd2
Re8 9. e5 dxe5 10. fxe5 Nd5 11. Bc4 Nxc3 12. Bxc3 e6 13. Qe2 Nb6 14. Ba5 f6 15.
Rad1 f5 16. Qd3 Qe7 17. Bxb6 axb6 18. a3 Bd7 19. c3 Red8 20. Qe3 Qf8 21. Kh1
Bh6 22. Qg1 b5 23. Bb3 Rac8 24. g4 Qe7 25. gxf5 Kh8 26. fxg6 Rg8 27. Qf2 Rxg6
28. Nh4 Rg4 29. Ng2 Rf8 30. Qe2 Rfg8 31. Ne3 R4g5 32. Rg1 Rxg1+ 33. Rxg1 Rxg1+
34. Kxg1 Qg5+ 35. Ng4 Bg7 36. Kh1 Qf4 37. Kg2 c5 38. dxc5 Bc6+ 39. Kg1 Bf3 40.
Qf2 Qxg4+ 41. Qg3 Qxg3+ 42. hxg3 Bd5 43. Bxd5 exd5 44. e6 Bf6 45. Kf2 Kg8 46.
Ke3 Kf8 47. Kd3 Ke7 48. b3 h5 49. c4 dxc4+ 50. bxc4 bxc4+ 51. Kxc4 Kxe6 52. Kb5
Be5 53. a4 Bxg3 54. c6 bxc6+ 55. Kb6 h4 56. a5 h3 57. a6 Bb8 58. Kb7 h2 59.
Kxb8 h1=Q 60. a7 c5 61. a8=Q Qxa8+ 62. Kxa8 c4 0-1

[Event "Høstturneringen 2015"]
[Site "Ås, Akershus NOR"]
[Date "2015.11.05"]
[Round "8"]
[White "Kjelstrup, Joachim"]
[Black "Moholt, Knut Erik"]
[Result "0-1"]
[WhiteElo "1062"]
[BlackElo "1413"]
[PlyCount "66"]
[EventDate "2015.09.03"]

1. e4 e5 2. Nf3 Nc6 3. Bb5 Bc5 4. c3 Nf6 5. Qe2 d6 6. O-O O-O 7. Rd1 Bg4 8. h3
Bh5 9. d3 d5 10. g4 Bg6 11. Bxc6 bxc6 12. Nxe5 dxe4 13. d4 Bb6 14. Nxc6 Qd6 15.
Ne5 c5 16. Nc4 Qe6 17. Be3 cxd4 18. Bxd4 Rad8 19. Nxb6 axb6 20. Nd2 Nd5 21. Nc4
Nf4 22. Qf1 h5 23. f3 b5 24. Ne5 f5 25. g5 h4 26. Bc5 Qxe5 27. Bxf8 Rxf8 28.
Rd4 exf3 29. Qxf3 Ne2+ 30. Kf1 Nxd4 31. cxd4 Qxd4 32. Qb3+ Bf7 33. Qf3 Bc4+ 0-1

[Event "Høstturneringen 2015"]
[Site "Ås, Akershus NOR"]
[Date "2015.11.05"]
[Round "8"]
[White "Rønbeck, Bjørn"]
[Black "Samset, Jon"]
[Result "0-1"]
[WhiteElo "1148"]
[BlackElo "1113"]
[PlyCount "62"]
[EventDate "2015.09.03"]

1. e4 g6 2. d4 d6 3. Bg5 Bg7 4. c3 Nf6 5. Nd2 O-O 6. h3 Nc6 7. Bd3 b6 8. Ne2
Bb7 9. d5 Ne5 10. Bc2 Ba6 11. f3 Qd7 12. Nd4 Nh5 13. f4 Ng3 14. Rg1 Nc4 15.
Nxc4 Bxd4 16. cxd4 Bxc4 17. Qf3 Ne2 18. Bd3 Nxg1 19. Qf1 b5 20. Bxc4 bxc4 21.
Qxg1 f6 22. Bh6 Rfb8 23. Qf2 Qb5 24. Rb1 Qa5+ 25. b4 Rxb4 26. Rxb4 Qxb4+ 27.
Ke2 Qb2+ 28. Ke3 Qxf2+ 29. Kxf2 c3 30. f5 g5 31. h4 c2 0-1

[Event "Høstturneringen 2015"]
[Site "Ås, Akershus NOR"]
[Date "2015.11.05"]
[Round "8"]
[White "Thowsen, Alf Geir"]
[Black "Petersen, Rune J"]
[Result "1/2-1/2"]
[WhiteElo "1205"]
[BlackElo "857"]
[Annotator "Lea,Per"]
[PlyCount "94"]
[EventDate "2015.09.03"]

1. d4 e6 2. c4 Nf6 3. Nc3 c6 4. Nf3 Bb4 5. Bd2 Bxc3 6. Bxc3 O-O 7. e3 d5 8. Bd3
dxc4 9. Bxc4 Nbd7 10. O-O Ne4 11. Qc2 Nxc3 12. Qxc3 Nf6 13. Bd3 Nd5 14. Qd2 f5
15. e4 Nf6 16. Rfe1 fxe4 17. Bxe4 Nxe4 18. Rxe4 h6 19. Rae1 Qd6 20. Ne5 Rf6 21.
Rf4 Rf5 22. h3 Bd7 23. Nc4 Qxf4 24. Ne3 Raf8 25. Re2 R5f7 26. g3 Qd6 27. Ng4 c5
28. Ne5 Rf5 29. Ng6 R8f6 30. dxc5 Qxd2 31. Rxd2 Bc6 32. Ne7+ Kf7 33. Nxf5 exf5
34. f4 Ke7 35. Kf2 b6 36. cxb6 axb6 37. b4 b5 38. a3 Rd6 39. Re2+ Re6 40. Rd2
h5 41. h4 Rd6 42. Re2+ Be4 43. Re3 Rd3 44. Rxd3 Bxd3 45. Ke3 Bc4 46. Kd4 Kd6
47. a4 Kc6 {Her tok spillerne remis i det som silisiumhjernene vurderer som
vinst for svart. Hvis hvit slår på b5, kan svart tillate hvit å slå g-bonden,
plassere løperen sin på g4 og invadere kongefløyen med kongen. Hvis hvit
spiller passivt og prøver å gardere bøndene på kongefløyen, vinner svart fordi
han alltid kan gjøre tempotrekk med løperen og dermed få opposisjonen. Hvis
hvit velger å beholde a-bonden, vinner svart ved å holde løperen i diagonalen
h1-a8 og etter hvert trenge inn på kongefløyen. Hvit gjør svarts oppgave
vanskeligere ved denne siste metoden.} 1/2-1/2

[Event "Høstturneringen 2015"]
[Site "Ås, Akershus NOR"]
[Date "2015.12.03"]
[Round "9"]
[White "Moberg, Jan Rune"]
[Black "Furnes, Torstein"]
[Result "1/2-1/2"]
[WhiteElo "1512"]
[BlackElo "1629"]
[PlyCount "85"]
[EventDate "2015.09.03"]

1. e4 c5 2. d4 cxd4 3. Nf3 Nc6 4. c3 dxc3 5. Nxc3 d6 6. Bc4 e6 7. O-O Nf6 8.
Qe2 a6 9. a4 Be7 10. Bf4 e5 11. Bg5 O-O 12. Rfd1 Bg4 13. Be3 Qc7 14. Rac1 Qa5
15. h3 Bh5 16. g4 Bg6 17. Bg5 Nd4 18. Nxd4 exd4 19. Bxf6 Bxf6 20. Nd5 Rfe8 21.
Nxf6+ gxf6 22. Rxd4 Qe5 23. Rcd1 Bxe4 24. Qd2 Bf3 25. Rc1 Rad8 26. Rc3 Bc6 27.
Re3 Qg5 28. Rxe8+ Rxe8 29. Qxg5+ fxg5 30. Bd5 Rd8 31. b4 Kg7 32. b5 axb5 33.
axb5 Bxb5 34. Bxb7 Kf6 35. f4 gxf4 36. Rxf4+ Kg6 37. Bd5 f6 38. h4 h5 39. gxh5+
Kxh5 40. Bf7+ Kh6 41. Rxf6+ Kg7 42. Rf2 Rf8 43. Bd5 1/2-1/2

[Event "Høstturneringen 2015"]
[Site "Ås, Akershus NOR"]
[Date "2015.12.03"]
[Round "9"]
[White "Kielland-Lund, Jon"]
[Black "Andersen, Odd"]
[Result "1-0"]
[WhiteElo "1551"]
[BlackElo "1633"]
[Annotator "Kielland-Lund,Jon"]
[PlyCount "115"]
[EventDate "2015.09.03"]

1. c4 c5 2. Nc3 e5 {En overraskelse.} 3. Nf3 Nc6 4. e3 Nf6 5. d4 cxd4 6. exd4
e4 7. Ne5 Bb4 8. Nxc6 {Le2 gir en marginal fordel.} dxc6 9. Be2 h6 10. O-O O-O
11. Bf4 Bd6 12. Bxd6 Qxd6 13. Qd2 Bf5 14. h3 Rad8 15. Rfd1 Rfe8 16. Qe3 Qe6 {
Fra helt likt, tipper nå pilen over til 0.3. Hvits plan er å avansere på
dronningfløyen. Jeg fryktet et framstøt med f-bonden, som Odd ganske riktig
vurderte. Men det ble det ikke noe av.} 17. b4 Nd7 18. d5 cxd5 19. Nxd5 Qg6 20.
a4 {? Jeg overså Dxa7-Lxh6. Sf4 osv. men fordelen nærmer seg 1 uansett.} b6 21.
a5 Rc8 22. axb6 axb6 23. Ra6 Qg5 24. Kh2 Qxe3 25. fxe3 Rb8 26. Rd2 Kf8 27. Rda2
Rec8 28. Kg1 Be6 29. Rd2 Bxd5 30. Rxd5 Nf6 31. Rd6 b5 32. c5 Rc7 {Svart har
lite tid igjen} 33. Kf2 Nd7 34. Ra5 {? Tapstrekket, (Se5)} Nxc5 35. bxc5 Rxc5
36. Rd2 Rf5+ 37. Kg1 Rc5 38. Kh2 Rc3 39. Rxb5 Rxb5 40. Bxb5 Rxe3 41. Re2 Rb3
42. Bc6 e3 43. Kg3 Rc3 44. Bf3 g5 45. Be4 Rc5 46. Rxe3 f5 47. Rf3 f4+ 48. Kf2
Kg7 49. Rb3 h5 50. Bf3 h4 51. Rb6 Rc2+ 52. Ke1 Rc1+ 53. Kf2 Rc5 54. Kg1 Kh7 55.
Kh2 Kg7 56. Rd6 Kh7 57. Rd5 Rxd5 58. Bxd5 {Og svart ga snart opp. Mer
utholdende hadde det vært å plassere Tårnet på g-linjen for å passe på bonden.}
1-0

[Event "Høstturneringen 2015"]
[Site "Ås, Akershus NOR"]
[Date "2015.12.03"]
[Round "9"]
[White "Brenden, Torbjørn"]
[Black "Støle, Andreas"]
[Result "0-1"]
[WhiteElo "1414"]
[BlackElo "1555"]
[Annotator "Støle, Andreas"]
[PlyCount "108"]
[EventDate "2015.09.03"]

1. e4 c5 2. Nf3 g6 3. c4 {Maroczy bind} Bg7 4. d4 cxd4 5. Nxd4 Nc6 6. Be3 Nf6
7. Nc3 O-O 8. Be2 d6 9. O-O Bd7 10. Qd2 a5 11. h3 Nxd4 12. Bxd4 Bc6 13. Bf3 Nd7
14. Bxg7 Kxg7 {Its ok for black to trade off his Dragon bishop. Black aims for
a endgame with a good knight vs whites poor bishop.} 15. Rad1 Nc5 16. Rfe1 Nd7
17. Qe3 Kg8 18. Qh6 Ne5 19. Be2 Qb6 20. Qd2 a4 21. a3 Rac8 22. Rc1 Qa5 23. Qd4
{White gives a draw offer, black is running out of time, about 15 minutes left.
} Nd7 {Gives white a chance to trade his bishop} 24. Bg4 Qc7 25. Bxd7 Qxd7 26.
e5 {A new draw offer from White, black plays on with less than 5 min left} dxe5
27. Qxe5 e6 28. Red1 Qe7 29. Rd4 (29. Nd5 {Looks like an easy and promising
plan for white} Bxd5 30. cxd5 Rxc1 31. Rxc1) 29... f6 30. Qe3 Rfe8 31. Rcd1 e5
32. R4d2 f5 33. Re1 f4 34. Qe2 Qe6 $2 {Black missed some big attacking chances
here, black has only 2 minutes left.} (34... Bxg2 $3 35. Kxg2 Qg5+ 36. Kf1 f3
37. Qxf3 Qxd2 $17) (34... f3 $1 35. gxf3 Qg5+ 36. Kf1 Bxf3 37. Qxf3 Qxd2 $17)
35. Nd5 Qf5 36. f3 Rcd8 $2 37. Ne7+ {White finds the right move} Rxe7 38. Rxd8+
Kf7 39. Rd2 {11 seconds left on blacks clock} e4 40. fxe4 Rxe4 41. Qf1 Qc5+ 42.
Kh2 Rxc4 (42... Qxc4 43. Qxc4+ Rxc4 $14 {Could been a long fight for a draw
here}) 43. Qd3 Kg7 {While trying to attack White's king, black now finds his
own king in trouble} 44. Qd8 Kh6 {The computer goes nuts and gives white an
advantage of >+10} 45. Re7 (45. Qh4+ Qh5 46. Qxh5+ Kxh5 47. Re7 {Could been a
way for white to simplify}) 45... Rc1 46. Qf8+ Kg5 47. h4+ (47. Rf2 $3 {The
ONLY clear winning move! Not easy to find after three hours of play.} Qxf2 48.
Re5+ Kh4 49. Qh6#) 47... Kg4 48. Qc8+ Kxh4 49. Rxh7+ Kg5 50. Qd8+ Kf5 51. Rf7+
Kg4 $11 {Here white's only play is perpetual check, he cant stop blacks threat
on h5 and g1 and he cant get Blacks king out from g4-g5.} 52. Qc8+ Kg5 53. Qd8+
Kg4 54. Qd4 $4 {A fatal mistake in a messy position.} (54. Qc8+ Kg5 55. Qd8+
Kg4 56. Qc8+ $11) (54. Rd1 Qh5+ $1 55. Kg1 Kg3 $1 56. Qd3+ Bf3 $3 {And White
cant stop the upcoming mate in a good way}) 54... Qh5# {From a locked game in
the maraczy bind, the game opened up and gave both players some chances that
White used best. After many hours and some time trouble the game ended in a
critical and messy position with a single mistake from White.} 0-1

[Event "Høstturneringen 2015"]
[Site "Ås, Akershus NOR"]
[Date "2015.12.03"]
[Round "9"]
[White "Simonsen, Steinar"]
[Black "Lea, Per"]
[Result "0-1"]
[WhiteElo "1227"]
[BlackElo "1564"]
[Annotator "Lea, Per"]
[PlyCount "76"]
[EventDate "2015.09.03"]

1. e4 e5 2. Nf3 Nc6 3. Nc3 Nf6 4. d4 exd4 5. Nxd4 Bb4 6. Nxc6 bxc6 7. Bd3 h6 8.
Bd2 d5 9. exd5 cxd5 10. O-O Be6 11. Bb5+ Kf8 12. h3 Qd6 13. a3 Ba5 14. Qf3 c6
15. Bf4 Qd7 16. Ba4 Bc7 17. Bxc7 Qxc7 18. Rad1 Ke7 19. Rfe1 Rhd8 20. Qg3 Qxg3
21. fxg3 Rd6 22. Ne2 c5 23. Nf4 Rb8 24. b3 Ne4 25. c4 Nc3 $2 26. Nxd5+ $1 Rxd5
$2 27. cxd5 $2 (27. Rxd5 Nxa4 (27... Nxd5 $4 28. cxd5 $18) 28. bxa4 Rc8 29.
Ree5 f6 30. Re4 Rc6 $18) 27... Nxd1 28. Rxd1 Rd8 29. Bc6 Bf5 30. g4 Bc2 31.
Re1+ Kd6 32. Re3 Rb8 33. Re8 $4 {Med remistilbud} (33. b4 cxb4 34. axb4 a6 (
34... Rxb4 35. Ra3) 35. Ra3 Rb6 $11) 33... Rxe8 34. Bxe8 Bxb3 35. Bxf7 Bxd5 36.
Bxd5 Kxd5 37. Kf2 Kd4 38. Ke2 Kc3 {og hvit tapte pa tid} 0-1

[Event "Høstturneringen 2015"]
[Site "Ås, Akershus NOR"]
[Date "2015.12.03"]
[Round "9"]
[White "Fuglseth, Jan"]
[Black "Olsen, Trygve"]
[Result "1-0"]
[WhiteElo "1479"]
[BlackElo "1296"]
[Annotator "Jan Fuglseth"]
[PlyCount "43"]
[EventDate "2015.09.03"]

1. c4 c5 2. Nf3 Nc6 3. Nc3 e5 {Trygve er offensiv, men d-bonden må nå
sykmeldes.} 4. e3 {Sort har en stygg dominans på d4 feltet så hvit setter opp
et brohode. g3 var også et godt alternativ} g6 $6 5. d4 $1 cxd4 6. exd4 exd4 7.
Nxd4 Qe7+ $2 {a6 var nok det beste alternativet. Feltene d6 og c7 minner om en
landingsstripe.} 8. Be2 $18 Nf6 9. Bg5 $6 (9. Bf4) 9... Bg7 10. Nd5 Qe5 $2 (
10... Qd8) 11. Nf3 Qd6 $4 {Nå rakner det helt for sort. Dxb2 var det beste
trekket.} 12. Nxf6+ Qxf6 13. Bxf6 Bxf6 14. Rb1 O-O 15. O-O a6 16. a3 b6 17. Nd2
Nd4 18. Ne4 Nxe2+ 19. Qxe2 Bg7 20. Nd6 {Nå er d bonden og hvitfeltløperen
fullstendig passivisert.} a5 21. Qf3 {Hvit fester siktet på f7 med et
skinnangrep på Ta8.} Ra7 22. Rfe1 {Dette tårnet har bestilt tur til e7. Sort
tar poenget og sparer oss for tid.} 1-0

[Event "Høstturneringen 2015"]
[Site "Ås, Akershus NOR"]
[Date "2015.12.03"]
[Round "9"]
[White "Alnes, Tord"]
[Black "Sandvik, Sander"]
[Result "0-1"]
[WhiteElo "1059"]
[BlackElo "917"]
[Annotator "Sandvik, Sander"]
[PlyCount "84"]
[EventDate "2015.09.03"]

1. d4 Nf6 2. c4 e6 3. Nf3 c5 4. Nc3 cxd4 5. Nxd4 Nc6 6. Bg5 Be7 7. e4 {Her
tenkte jeg en stund. Så på flere varianter, men det virket som et godt trekk.}
Nxe4 8. Nxc6 bxc6 {Vurderte å spille:} (8... Nxc3 {Men jeg var usikker på
fortsettelsen her.}) 9. Nxe4 {Jeg trodde noe slikt som dette skulle dukke opp
på brettet:} (9. Bxe7 Nxc3 {Her er det fordel svart.} 10. Bxd8 Nxd1 11. Bc7
Nxb2) 9... Bxg5 10. Nd6+ Kf8 (10... Ke7 {Er nok bedre i denne posisjonen, men
jeg ville ha kongen min ut av slagsonen.}) 11. Qa4 {Litt bedre var nok:} (11.
b4 a5 12. b5 cxb5 13. cxb5) 11... Qf6 12. Qc2 {Taper offiser.} Qe5+ 13. Ne4 f5
{Jeg likte ikke hvordan posisjonen så ut etter:} (13... d5 14. cxd5 cxd5 15.
Qc5+ {Men} Be7 {Løser naturligvis alle problemer.}) 14. h4 Be7 15. f3 fxe4 {
Vurderte:} (15... Bb4+ 16. Kd1 fxe4 17. fxe4 {I partiet gikk jeg for den
enkleste ruten.}) 16. O-O-O Rb8 {Vurderte naturligvis å spille:} (16... exf3
17. gxf3 {Men valgte heller å legge litt mer press på posisjonen.}) 17. fxe4
Bf6 {Press, press!} 18. Rd2 Qf4 19. b3 a5 20. a4 Bxh4 21. Bd3 Bf6 22. Rf1 Qe5
23. Kd1 {Måtte komme meg vekk fra den åpne linjen.} Ke7 {Her hadde jeg vel
under 5 minutter, begynte å føle på tidsnøden.} 24. c5 Bb7 {En mulighet i
denne posisjonen hadde vært:} (24... Qa1+ 25. Ke2 Qc3 26. Bc4 Qxc2 27. Rxc2 {
Simplifisering.}) 25. Bc4 Rhd8 (25... Qxc5) 26. Qd3 {Ikke det beste valget,
løsner litt opp i hvits posisjon. Løperen på b7 er heller ikke ekstremt aktiv,
for å si det slik.} Qc3 (26... Qxc5) 27. Qd6+ Ke8 28. e5 {Her fryktet jeg noe
slikt som:} (28. Rdf2) 28... Qxe5 29. Qxe5 Bxe5 {Nå bedret situasjonen seg.
Posisjonen ble lett å spille i tidsnød, og jeg kunne spille trekk som var helt
ok, uten at det ødela stillingen min.} 30. Rdf2 Bf6 31. Bd3 Ke7 32. g4 h6 {
Forhindrer at løperen blir jaget vekk.} 33. Ke2 d5 34. Ke3 d4+ 35. Ke4 Rf8 36.
Rb1 Bg5 {Ønsker å doble, og få tårnene ordentlig i spill.} 37. Rfb2 Rf4+ 38.
Ke5 Rbf8 {En raskere matt:} (38... Rxg4 39. Rf1 Bf6+ 40. Rxf6 gxf6#) 39. Rg2
Rf2 {Litt sterkere er:} (39... Rf3) 40. Rgg1 R8f3 41. Bc4 Bf6+ 42. Ke4 Re3# 0-1

[Event "Høstturneringen 2015"]
[Site "Ås, Akershus NOR"]
[Date "2015.12.02"]
[Round "9"]
[White "Garmark, Vegard"]
[Black "Samset, Jon"]
[Result "1-0"]
[WhiteElo "1226"]
[BlackElo "1113"]
[PlyCount "45"]
[EventDate "2015.09.03"]

1. e4 g6 2. d4 d6 3. Nc3 Bg7 4. Nf3 Bg4 5. Be2 Nf6 6. O-O O-O 7. h3 Bd7 8. e5
dxe5 9. dxe5 Ne8 10. Qd5 Nc6 11. Rd1 Be6 12. Qe4 Qc8 13. Qh4 Bf5 14. Ng5 h6 15.
Nge4 h5 16. g4 hxg4 17. hxg4 g5 18. Nxg5 Bg6 19. Bd3 f5 20. gxf5 Bxf5 21. f4
Nd4 22. Bc4+ e6 23. Rxd4 1-0

[Event "Høstturneringen 2015"]
[Site "Ås, Akershus NOR"]
[Date "2015.12.03"]
[Round "9"]
[White "Aalmo, Alexander"]
[Black "Thowsen, Alf Geir"]
[Result "1-0"]
[WhiteElo "1197"]
[BlackElo "1205"]
[PlyCount "71"]
[EventDate "2015.09.03"]

1. d4 d5 2. Nf3 Nf6 3. Bg5 Nc6 4. e3 Ne4 5. Bf4 e6 6. a3 Be7 7. c4 Nf6 8. h3 b6
9. Nc3 a6 10. Rc1 Bb7 11. Bd3 Rc8 12. Ne5 O-O 13. O-O Na5 14. cxd5 exd5 15. Bf5
Rb8 16. Na2 Bd6 17. Bd3 Re8 18. Nb4 c5 19. Na2 Rc8 20. b4 c4 21. Bf5 Nb3 22.
Bxc8 Nxc1 23. Bxb7 Nxa2 24. Qc2 Qb8 25. Bc6 Nxb4 26. axb4 Rd8 27. b5 a5 28. Bg3
Qc7 29. f4 Ne4 30. Be1 f6 31. Nxc4 dxc4 32. Qxe4 g5 33. Qe6+ Kg7 34. fxg5 Bh2+
35. Kh1 Rd6 36. gxf6+ 1-0

[Event "Høstturneringen 2015"]
[Site "Ås, Akershus NOR"]
[Date "2015.12.03"]
[Round "9"]
[White "Heien, Aksel"]
[Black "Kjelstrup, Joachim"]
[Result "1-0"]
[WhiteElo "924"]
[BlackElo "1062"]
[PlyCount "83"]
[EventDate "2015.09.03"]

1. Nf3 Nf6 2. d4 e6 3. Bg5 Bb4+ 4. Nbd2 O-O 5. e4 h6 6. Bxf6 Qxf6 7. e5 Bxd2+
8. Qxd2 Qe7 9. Bd3 d5 10. O-O-O a5 11. h4 f5 12. Qf4 Na6 13. Bxa6 Rxa6 14. Rdg1
c5 15. dxc5 Qxc5 16. Nd4 Bd7 17. g4 a4 18. gxf5 exf5 19. Re1 Be6 20. Rhg1 b5
21. Qxh6 Qe7 22. Nxb5 f4 23. Nd6 Qd7 24. Rg6 Bf5 25. Nxf5 Rxf5 26. Rxg7+ Qxg7
27. Qxa6 Rxe5 28. Rxe5 Qxe5 29. Qg6+ Kh8 30. Qh6+ Kg8 31. Qg5+ Qxg5 32. hxg5
Kg7 33. Kd2 Kg6 34. Ke2 Kxg5 35. Kf3 Kf5 36. b3 axb3 37. axb3 Ke5 38. c3 d4 39.
cxd4+ Kxd4 40. Kxf4 Kc3 41. Ke5 Kxb3 42. f4 1-0

[Event "Klubbmesterskapet 2015 (A)"]
[Site "Ås, Akershus NOR"]
[Date "2015.01.15"]
[Round "1"]
[White "Lea, Per"]
[Black "Holm, Bjarne"]
[Result "1-0"]
[WhiteElo "1598"]
[BlackElo "1547"]
[Annotator "Lea, Per"]
[PlyCount "103"]
[EventDate "2015.01.15"]

1. e4 e5 2. Nf3 Nc6 3. Bb5 a6 4. Ba4 Nf6 5. O-O d6 6. Re1 Bg4 7. c3 Be7 8. d3
O-O 9. Nbd2 b5 10. Bb3 Qd7 11. Nf1 Rfe8 12. h3 Bh5 (12... Bxh3 $4 13. gxh3 (13.
Bxf7+ Kxf7 14. Ng5+ Kg8 15. Nxh3 $11) 13... Qxh3 14. Ng5 $18) 13. Ng3 Bg6 14.
Nh4 Kh8 15. Nxg6+ fxg6 16. h4 (16. a3 Na5 17. Ba2 $14) 16... Na5 17. Bc2 Qg4
18. Qxg4 Nxg4 19. Bg5 c5 20. Bd1 Nh6 21. Bxe7 Rxe7 22. h5 Rc8 23. hxg6 hxg6 24.
Re3 Kg8 25. Be2 Nc6 26. Rd1 Rb8 27. Rd2 a5 28. Bd1 Kf8 29. Ne2 Rf7 30. d4 Ng4
31. Rf3 Rxf3 32. gxf3 Nf6 33. Kg2 Ke7 34. Bc2 Rh8 35. f4 Rd8 36. d5 Nb8 37.
fxe5 dxe5 38. f4 Kd6 39. Rd1 Nh5 40. fxe5+ Kxe5 41. Rf1 Nf6 42. Ng3 $2 (42. Nf4
$1 Kd6 (42... Nxe4 $4 43. Nxg6+ Kd6 44. Bxe4 $18) (42... g5 43. Ng6+ Kd6 44.
e5+ $18) 43. Nxg6 Nbd7 44. Kf3 $18) 42... Ng4 43. Re1 Rf8 44. Re2 Nd7 45. Nf1
Kf4 46. Bb1 c4 47. Nh2 Nde5 48. Nxg4 Kxg4 49. Rd2 Nd3 $4 50. Bxd3 cxd3 51. Rxd3
Kf4 $4 52. Rf3+ 1-0

[Event "Klubbmesterskapet 2015 (A)"]
[Site "Ås, Akershus NOR"]
[Date "2015.01.15"]
[Round "1"]
[White "Thowsen, Alf Geir"]
[Black "Brenden, Torbjørn"]
[Result "0-1"]
[WhiteElo "1224"]
[BlackElo "1413"]
[PlyCount "74"]
[EventDate "2015.01.15"]

1. d4 Nf6 2. c4 g6 3. Nf3 Bg7 4. Nc3 d5 5. e3 O-O 6. cxd5 Nxd5 7. Bc4 Nxc3 8.
bxc3 c5 9. Qb3 e6 10. O-O Nd7 11. Rd1 Qc7 12. Ba3 b6 13. Ng5 Nf6 14. h3 Rd8 15.
Nf3 Bb7 16. Rab1 Bxf3 17. gxf3 Bf8 18. Bb2 Rac8 19. Ba6 Rb8 20. Be2 h6 21. f4
Qb7 22. f3 Qd5 23. c4 Qh5 24. Kh2 Bg7 25. Qc2 Nd7 26. Rg1 cxd4 27. exd4 Nf8 28.
Rbd1 Qh4 29. Rg4 Qf6 30. Qe4 h5 31. Rg2 Bh6 32. Bc1 Rd7 33. d5 Rbd8 34. dxe6
Rxd1 35. exf7+ Kxf7 36. Bxd1 Rxd1 37. Bd2 Rxd2 0-1

[Event "Klubbmesterskapet 2015 (A)"]
[Site "Ås, Akershus NOR"]
[Date "2015.01.15"]
[Round "1"]
[White "Furnes, Torstein"]
[Black "Støle, Andreas"]
[Result "0-1"]
[WhiteElo "1681"]
[BlackElo "1498"]
[PlyCount "42"]
[EventDate "2015.01.15"]

1. d4 Nf6 2. c4 e6 3. Nc3 Bb4 4. Qc2 O-O 5. Nf3 c5 6. dxc5 Qa5 7. Bd2 Qxc5 8.
e3 d5 9. cxd5 exd5 10. a3 Bxc3 11. Bxc3 Ne4 12. Rc1 Nc6 13. Bd3 Re8 14. O-O Qe7
15. b4 a6 16. Bb2 Bg4 17. Nd4 Rac8 18. Nxc6 Rxc6 19. Qb1 Rh6 20. Bxe4 dxe4 21.
g3 Bf3 0-1